Quizzes
Events
Quiz Creation
Community
Videos
Private Events
Remove Ads
Sign In
Join for FREE
Feedback
Dark Mode
Quiz Categories
Sports
Geography
Music
Movies
Television
Just For Fun
Miscellaneous
History
Literature
Language
Science
Gaming
Entertainment
Religion
Holiday
For Kids
Quiz Lab
Recent
Popular Today
Quiz Kudos Today
Editor Picks
Curator Picks
Quizzes by...
Day
Popularity
Type
Ratings
Length
Year
Community
Subscriptions
Recent Discussions
Orange Saloon
Badges
Playlists
Quests
Create
Leaderboards
Showdown
Live 5
Trivia Bingo
Activity
Puzzle Library
Sporcle Events
Private Events
Virtual Trivia
Globe League
Become a Host
Pub Owners
SporcleCon
Opinionation
Our Games
Videos
Blog
Mobile Apps
Partnerships
Remove Ads and Go Orange
Feedback
Television
TV Characters
TV Show
Sitcom
Network
Friends
Reality Shows
Cast
South Park
Star Trek
The Simpsons
Doctor Who
Television
TV Characters
TV Show
Sitcom
Network
Friends
Reality Shows
Cast
South Park
Star Trek
The Simpsons
Doctor Who
Random Quiz
Search Sporcle
×
Quiz Lab
Quiz Lab
Television
foursome
Type in answers that appear in a list
Type in answers that appear in a list
Classic
Best Score? Go Orange.
Foursomes from Sets - Lost Edition III Stats
Can you name the Connect Four - Lost Edition III?
By
philgumption
20m
80 Questions
395 Plays
395 Plays
395 Plays
Comments
Comments
Give Quiz Kudos
Give Quiz Kudos
-
- Ratings
hide this ad
Replay
Link that replays current quiz
Next Quiz
Link to next quiz in quiz playlist
You Got
0%
They Got
Avg Score
54%
Avg Friend Score
Upgrade to see
Score Distribution
Jump to the score distribution portion of the page
Score
0/80
Timer
20:00
0
Plays Today
% Correct
Hurley's stash
80.8%
Hurley's stash
80.8%
Hurley's stash
80.8%
Hurley's stash
80.8%
Final candidates
63%
Final candidates
63%
Final candidates
63%
Final candidates
63%
Jack's relatives
61.3%
Desmond-centric episodes
61.3%
Jack's relatives
61.3%
Desmond-centric episodes
61.3%
Desmond-centric episodes
61.3%
Jack's relatives
61.3%
Jack's relatives
61.3%
Desmond-centric episodes
61.3%
Rousseau's team
60.3%
Rousseau's team
60.3%
Rousseau's team
60.3%
Rousseau's team
60.3%
Kate's aliases
60%
Kate's aliases
60%
Kate's aliases
60%
Kate's aliases
60%
Black & white games
59.7%
Black & white games
59.7%
Black & white games
59.7%
Black & white games
59.7%
Sayid-centric episodes
59.5%
Sayid-centric episodes
59.5%
Sayid-centric episodes
59.5%
Sayid-centric episodes
59.5%
Last words
58.7%
Last words
58.7%
Last words
58.7%
Last words
58.7%
Season 5 episodes
57.2%
Season 5 episodes
57.2%
Season 5 episodes
57.2%
Season 5 episodes
57.2%
% Correct
Nicknames for Miles
54.7%
Nicknames for Miles
54.7%
Nicknames for Miles
54.7%
Nicknames for Miles
54.7%
Codes
50.1%
Codes
50.1%
Codes
50.1%
Codes
50.1%
Boats
49.9%
Boats
49.9%
Boats
49.9%
Boats
49.9%
Allegories for the island
47.6%
Allegories for the island
47.6%
Allegories for the island
47.6%
Allegories for the island
47.6%
DHARMA staff
46.3%
DHARMA staff
46.3%
DHARMA staff
46.3%
DHARMA staff
46.3%
Cops
45.8%
Cops
45.8%
Cops
45.8%
Cops
45.8%
Season 2 soundtrack titles
43.3%
Season 2 soundtrack titles
43.3%
Season 2 soundtrack titles
43.3%
Season 2 soundtrack titles
43.3%
Season 1 soundtrack titles
43%
Season 1 soundtrack titles
43%
Season 1 soundtrack titles
43%
Season 1 soundtrack titles
43%
Sawyer's stash
42%
Sawyer's stash
42%
Sawyer's stash
42%
Sawyer's stash
42%
Items with Isaac of Uluru
40.5%
Items with Isaac of Uluru
40.5%
Items with Isaac of Uluru
40.5%
Items with Isaac of Uluru
40.5%
Quiz Playlist
Details
Report
Send in Message
Add To Playlist
Classic:
Type in answers that appear in a list
Quiz Source
Last Updated: Feb 16, 2017
Quiz Scoreboard
CHALLENGE
Sign Up to Join the Scoreboard
Show All
Scores
Hide
Comments
May contain spoilers
Recently Published
Presidents Visiting Landmarks
by Hejman
History
7m
An Introduction to Baseball
by treessimontrees
Sports
5m
Movies - When Are They Set?
by FPL_Elf
Movies
5m
More to Explore
Quiz From the Vault
Featured Blog Post
Where Did the Easter Bunny Come From?
hide this ad
You Might Also Like...
Tags
Edition
foursome
Lost (ABC)
set
Today's Top Quizzes in Television
Browse Television
hide this ad
Today's Top Quizzes in foursome
Browse foursome
Top Contributed Quizzes in Television
1
5-to-1: The Simpsons Families
2
One Piece Logic Puzzle
3
5-to-1: Television Doctors
4
7-to-1: TV Show Settings
5
5-to-1: Streaming Originals
6
Survivor Logic Puzzle: Heroes vs. Villains
7
Survivor Seasons
8
Survivor Season by Logo
9
One Thing in Common: Television
10
Survivor Trivia
Explore More
Trending Topics
Marvel
Disney
Anime
Kpop
Harry Potter
Crossword
NBA
Pokémon
WWE
Country
Soccer
Puzzle
NFL
Song
The Office
hide this ad
More By:
philgumption
Quiz
Plays
Rating
Category
Featured
Created
Foursomes from Sets - Lost Edition
638
3.67
Television
Jun 1, 2010
Foursomes from Sets - Lost Edition III
395
4.71
Television
Jun 4, 2010
Foursomes from Sets - Lost Edition II
304
4.00
Television
Jun 4, 2010
Go to Creator's Profile
Score Distribution
Quiz Creator Spotlight
philgumption
Follow
Send a Message
Quizzes Created
-
Created Quiz Play Count
-
More By This Creator
Popular Quizzes Today
1
Find the US States - No Outlines Minefield
2
Find the Countries of Europe - No Outlines Minefield
3
The Countries of the World
4
Find the US States
5
Popular People in 1961
6
US States
7
Risky Map Clicking: Biggest States A-Z
8
1-10 Letter E Words III
More Television Quizzes
It's 'Elementary', 'Sherlock'
Curator's Pick
Trending Quizzes
Risky Map Clicking: Least Populous States A-Z
1-10 Letter G Words
1-10 Letter F Words
One Thing in Common: United Kingdom
Risky Map Clicking: Next State Alphabetically
Recently Updated
Leaping Animals
pecheneg
Reality TV Shows (A-Z)
bhenderson79
Rickey Henderson's Hall of Fame Teammates
pecheneg
Champions League XIs: Arsenal
pecheneg
Quick Pick: Celebrities in WWE's Hall of Fame
aduchscher
A-Z Keypad Blitz II
pecheneg
Multiple Oscar Actors
pecheneg
Mystery Phrase Blitz: Oscar 'Best Actors'
pecheneg
F. Scott Fitzgerald Novels
LTH
Pick 3 Villains
ddd62291
Trending Topics
Harry Potter
Crossword
NBA
Kpop
Disney
Marvel
Anime
The Office
Soccer
Song
Puzzle
Country
NFL
Pokémon
WWE
Your Account Isn't Verified!
In order to create a playlist on Sporcle, you need to verify the email address you used during registration. Go to your
Sporcle Settings
to finish the process.
Report this User
Report this user for behavior that violates our
Community Guidelines
.
Details:
Send Report
Go to the Sporcle.com Mobile Site →
Comments